000 00576cam a22002053a 4500
001 40960
003 PGUSA
005 20140828083924.0
008 121006s2012||||xxu|||||s|||||000 | eng d
040 _aPGUSA
_beng
042 _adc
100 1 _aDuncker, Max
245 1 4 _aThe History of Antiquity, Volume IV (of 6)
_h[electronic resource] /
_cMax Duncker
260 _bProject Gutenberg,
_c2012
506 _aPublic domain in the USA.
516 _aElectronic text
830 0 _aProject Gutenberg
_v40960
856 4 0 _uhttp://www.gutenberg.org/ebooks/40960
942 _cEB
999 _c270212
_d270212